[Event "GER-ch 75th"]
[Site "Hoeckendorf"]
[Date "2004.02.03"]
[Round "6"]
[White "Bindrich, Falko"]
[Black "Roeschlau, Bernd"]
[Result "1-0"]
[WhiteElo "2308"]
[BlackElo "2295"]
[EventDate "2004.01.30"]
[PlyCount "117"]

1. e4 c5 2. Nf3 d6 3. d4 cxd4 4. Nxd4 Nf6 5. Nc3 a6 6. Be3 Qc7 7. Be2 e6 8. g4 b5 9. a3 Nc6 10. g5 Nd7 11. h4 Nb6 12. h5 Ne5 13. Rg1 g6 14. Rg3 Bb7 15. Ncxb5 axb5 16. Nxb5 Qd8 17. Qd4 Nc8 18. f4 Bg7 19. O-O-O O-O 20. h6 Bh8 21. fxe5 Bxe5 22. Qxe5 dxe5 23. Rxd8 Rxd8 24. Bd3 Bc6 25. Bc5 Ra5 26. c4 Rd7 27. b4 Ra8 28. Kb2 f5 29. gxf6 Kf7 30. Nc3 Kxf6 31. b5 Bb7 32. Bb4 g5 33. c5 Ne7 34. c6 Nxc6 35. bxc6 Bxc6 36. Nd1 Kg6 37. Nf2 Ba4 38. Ng4 Rb7 39. Rh3 Bd1 40. Nxe5+ Kf6 41. Nc4 g4 42. Rh5 Kg6 43. Rh2 Bf3 44. Kc3 Rxb4 45. axb4 Kg5 46. Rb2 Kf4 47. b5 g3 48. b6 g2 49. Rb1 Rb8 50. Kb4 Bxe4 51. Bxe4 Kxe4 52. Kb5 Rg8 53. b7 Kd4 54. Na5 g1=Q 55. Rxg1 Rxg1 56. Nb3+ Kc3 57. b8=Q Rb1 58. Qg3+ Kc2 59. Kc4 1-0

[Event "GER-ch 75th"]
[Site "Hoeckendorf"]
[Date "2004.02.03"]
[Round "6"]
[White "Breutigam, Martin"]
[Black "Schebler, Gerhard"]
[Result "1/2-1/2"]
[WhiteElo "2409"]
[BlackElo "2480"]
[EventDate "2004.01.30"]
[PlyCount "134"]

1. d4 g6 2. e4 Bg7 3. g3 d5 4. exd5 Qxd5 5. Nf3 Nc6 6. Nc3 Qh5 7. Be2 Bg4 8. Be3 O-O-O 9. Ng5 Bxe2 10. Qxe2 Nh6 11. f3 Nf5 12. Nxf7 Nxg3 13. Qg2 Nxh1 14. O-O-O Nxd4 15. Nxh8 Bxh8 16. Qxh1 Qxf3 17. Qe1 Nc6 18. Rxd8+ Kxd8 19. Bd2 Bxc3 20. Bxc3 Qf4+ 21. Kb1 Qxh2 22. b4 Qd6 23. b5 Nd4 24. a4 h5 25. Qe4 e5 26. Qxb7 Qc5 27. Bxd4 Qxd4 28. Qg2 Qd6 29. Qa8+ Kd7 30. Qxa7 Qd1+ 31. Ka2 Qxc2+ 32. Ka3 Qc3+ 33. Ka2 Qd2+ 34. Kb3 Qd5+ 35. Ka3 h4 36. Qg1 Qd3+ 37. Ka2 h3 38. Qh1 Qc2+ 39. Ka3 Qg2 40. Qd1+ Kc8 41. b6 h2 42. Qc1 Qf3+ 43. Ka2 Qf2+ 44. Ka3 Qxb6 45. Qh1 Qg1 46. Qa8+ Kd7 47. Qd5+ Ke7 48. Qxe5+ Kf7 49. Qxc7+ Kf6 50. Qd8+ Kf5 51. Qd5+ Kf4 52. Qf7+ Ke4 53. Qe6+ Kf3 54. Qc6+ Ke2 55. Qb5+ Kd2 56. Qb2+ Ke1 57. Qb4+ Ke2 58. Qb5+ Kf3 59. Qc6+ Ke3 60. Qb6+ Kd3 61. Qb3+ Kd4 62. Qb6+ Ke5 63. Qc7+ Kf5 64. Qd7+ Kg5 65. Qe7+ Kg4 66. Qd7+ Kg3 67. Qc7+ Kf3 1/2-1/2

[Event "GER-ch 75th"]
[Site "Hoeckendorf"]
[Date "2004.02.03"]
[Round "6"]
[White "Degtiarev, Evgeny"]
[Black "Scheerer, Christoph"]
[Result "0-1"]
[WhiteElo "2281"]
[BlackElo "2409"]
[EventDate "2004.01.30"]
[PlyCount "58"]

1. d4 d5 2. Nf3 Nc6 3. c4 Bg4 4. cxd5 Bxf3 5. dxc6 Bxc6 6. Nc3 e6 7. e4 Bb4 8. f3 Qh4+ 9. g3 Qh5 10. Be3 O-O-O 11. Bg2 f5 12. Qb3 fxe4 13. fxe4 Bxc3+ 14. Qxc3 Nf6 15. Rc1 Rd7 16. Qa3 Bb5 17. Rc2 Ba6 18. Kd2 Qg6 19. Kc1 Nxe4 20. Bf1 Bxf1 21. Qxa7 Rf7 22. Qa8+ Kd7 23. Qxb7 Rc8 24. d5 e5 25. Qb3 Nd6 26. Qa4+ Bb5 27. Qa7 Qd3 28. b3 Qxd5 29. Rd1 Qxd1+ 0-1

[Event "GER-ch 75th"]
[Site "Hoeckendorf"]
[Date "2004.02.03"]
[Round "6"]
[White "Dresen, Ulrich"]
[Black "Budde, Vladimir"]
[Result "1-0"]
[WhiteElo "2312"]
[BlackElo "2309"]
[EventDate "2004.01.30"]
[PlyCount "67"]

1. d4 Nf6 2. Nf3 g6 3. c3 Bg7 4. Bg5 O-O 5. Nbd2 d6 6. e4 Nc6 7. Bb5 Nd7 8. O-O f6 9. Bh4 Qe8 10. d5 Nce5 11. Nd4 a6 12. Be2 Nb8 13. f4 c5 14. Ne6 Bxe6 15. fxe5 Bc8 16. e6 b5 17. a4 Bb7 18. Qb3 g5 19. Bg3 h5 20. Qd1 h4 21. Bh5 Qc8 22. Bg6 f5 23. Qh5 Rf6 24. Rxf5 Kf8 25. Qh7 Rxf5 26. exf5 Nd7 27. exd7 Qxd7 28. Ne4 Bxd5 29. f6 exf6 30. Bxd6+ Qxd6 31. Nxd6 Bg8 32. Qh5 Rd8 33. Re1 b4 34. Qe2 1-0

[Event "GER-ch 75th"]
[Site "Hoeckendorf"]
[Date "2004.02.03"]
[Round "6"]
[White "Enders, Peter"]
[Black "Braun, Arik"]
[Result "0-1"]
[WhiteElo "2478"]
[BlackElo "2429"]
[EventDate "2004.01.30"]
[PlyCount "100"]

1. e4 c5 2. Nf3 e6 3. d4 cxd4 4. Nxd4 Nc6 5. Nb5 d6 6. c4 Nf6 7. N1c3 a6 8. Na3 b6 9. Be2 Bb7 10. O-O Be7 11. Re1 O-O 12. Bf4 Ne5 13. Bf1 Qc7 14. Qe2 Rac8 15. Rad1 Rfe8 16. h3 h6 17. Bg3 Bf8 18. Rd2 Qc5 19. Qd1 Qa5 20. Re3 Bc6 21. Kh2 Qc5 22. Re1 Ba8 23. f4 Ng6 24. Bf2 Qc7 25. g3 h5 26. Qa4 Qb7 27. Bg2 h4 28. Qd1 Qc7 29. Rd3 Rb8 30. Qf3 hxg3+ 31. Bxg3 Qc5 32. Bf2 Qh5 33. Bg3 Qh6 34. Nc2 Nh4 35. Bxh4 Qxh4 36. Qg3 Qh6 37. Rf1 Rbc8 38. Ne3 Rc5 39. a4 a5 40. b3 g6 41. Ng4 Nxg4+ 42. Qxg4 Rh5 43. Qg3 Be7 44. Nb5 Rd8 45. Qf2 Rh4 46. f5 Bxe4 47. fxe6 f5 48. Rg3 f4 49. Rf3 g5 50. Nc7 g4 0-1

[Event "GER-ch 75th"]
[Site "Hoeckendorf"]
[Date "2004.02.03"]
[Round "6"]
[White "Espig, Lutz"]
[Black "Bischoff, Klaus"]
[Result "1/2-1/2"]
[WhiteElo "2429"]
[BlackElo "2561"]
[EventDate "2004.01.30"]
[PlyCount "76"]

1. Nf3 Nf6 2. c4 e6 3. g3 d5 4. b3 Be7 5. Bg2 O-O 6. O-O c5 7. Bb2 Nc6 8. e3 d4 9. exd4 cxd4 10. Re1 Ne8 11. d3 f6 12. Na3 e5 13. Nc2 Nc7 14. Qe2 Re8 15. Nd2 a5 16. Qf1 Nb4 17. Nxb4 Bxb4 18. Re2 Bg4 19. f3 Bh5 20. Ne4 Ne6 21. a3 Bf8 22. Bh3 Ra6 23. Bc1 Bg6 24. f4 f5 25. Nf2 exf4 26. gxf4 Qh4 27. Bg2 Nxf4 28. Bxf4 Qxf4 29. Bxb7 Rxe2 30. Qxe2 Rf6 31. b4 Qe3 32. Bd5+ Kh8 33. Qb2 Bh5 34. Kf1 Rg6 35. bxa5 Qg5 36. Nh3 Qe3 37. Nf2 Qg5 38. Nh3 Qe3 {Und Remis mit Zugwiederholung.} 1/2-1/2

[Event "GER-ch 75th"]
[Site "Hoeckendorf"]
[Date "2004.02.03"]
[Round "6"]
[White "Giessmann, Stephan"]
[Black "Wegener, Olaf"]
[Result "0-1"]
[WhiteElo "2287"]
[BlackElo "2404"]
[EventDate "2004.01.30"]
[PlyCount "78"]

1. d4 Nf6 2. c4 e6 3. Nc3 Bb4 4. e3 O-O 5. Bd3 d5 6. Nge2 dxc4 7. Bxc4 c5 8. O-O cxd4 9. exd4 Nbd7 10. a3 Be7 11. Bb3 Nb6 12. Qd3 Bd7 13. Nf4 Bc6 14. Re1 Nbd5 15. Bc2 Qd6 16. Nfxd5 Bxd5 17. Re5 g6 18. Bg5 Bc6 19. Rd1 Rad8 20. Qh3 Nd7 21. Bf4 Bf6 22. Rf5 Qe7 23. Rh5 Rfe8 24. Rxh7 Nf8 25. Rh6 Rxd4 26. Rxd4 Bxd4 27. Qg3 Bg7 28. Rh4 Rd8 29. Bg5 Bf6 30. Bxf6 Qxf6 31. Rf4 Qe5 32. h4 Rd2 33. Be4 Rd4 34. f3 f5 35. h5 Qc5 36. Kh2 fxe4 37. hxg6 exf3 38. g7 Nh7 39. Rxf3 Qh5+ 0-1

[Event "GER-ch 75th"]
[Site "Hoeckendorf"]
[Date "2004.02.03"]
[Round "6"]
[White "Gustafsson, Jan"]
[Black "Heinemann, Thies"]
[Result "1/2-1/2"]
[WhiteElo "2572"]
[BlackElo "2426"]
[EventDate "2004.01.30"]
[PlyCount "159"]

1. d4 Nf6 2. c4 c5 3. Nf3 cxd4 4. Nxd4 Nc6 5. Nc3 g6 6. e4 d6 7. Nc2 Bg7 8. Be2 O-O 9. O-O Nd7 10. Bd2 Nc5 11. b4 Ne6 12. Rb1 Ncd4 13. Nxd4 Nxd4 14. Bd3 f5 15. f4 Kh8 16. Kh1 Be6 17. Nd5 Bg8 18. Bc3 e6 19. Ne3 Rc8 20. Qd2 Qd7 21. Rbd1 fxe4 22. Bxe4 Nf5 23. c5 d5 24. Ng4 Bxc3 25. Qxc3+ Qg7 26. Qxg7+ Kxg7 27. Bxf5 exf5 28. Ne5 Rfd8 29. Rd4 a5 30. a3 axb4 31. axb4 Ra8 32. b5 Rdc8 33. c6 bxc6 34. bxc6 Be6 35. h4 Kf6 36. Rf3 Ra1+ 37. Kh2 Re1 38. Rb4 Re4 39. Rb6 Rc7 40. Kg3 h6 41. Nd7+ Ke7 42. Nc5 Re2 43. Na6 Rc8 44. c7 g5 45. hxg5 hxg5 46. fxg5 Rg8 47. Rd3 Bc8 48. Kf3 Re4 49. Rxd5 Rg4 50. Re5+ Kd7 51. Rd5+ Ke7 52. Re5+ Kd7 53. Rxf5 R4xg5 54. Rxg5 Rxg5 55. Rh6 Bb7+ 56. Kf4 Rxg2 57. Nc5+ Kxc7 58. Rh7+ Kc6 59. Nxb7 Rg1 60. Na5+ Kd5 61. Rh5+ Ke6 62. Nc4 Rf1+ 63. Ke4 Re1+ 64. Ne3 Kd6 65. Kd4 Ke6 66. Rh6+ Kd7 67. Nc4 Rd1+ 68. Kc5 Ke7 69. Ne3 Rc1+ 70. Kd4 Re1 71. Nd5+ Kd7 72. Nf6+ Kc7 73. Ne4 Rd1+ 74. Ke5 Re1 75. Ra6 Kd7 76. Ra2 Kc6 77. Rc2+ Kd7 78. Kd4 Rd1+ 79. Rd2 Rxd2+ 80. Nxd2 1/2-1/2

[Event "GER-ch 75th"]
[Site "Hoeckendorf"]
[Date "2004.02.03"]
[Round "6"]
[White "Latzke, Boris Alexander"]
[Black "Schurade, Matthias"]
[Result "0-1"]
[WhiteElo "2246"]
[BlackElo "2370"]
[EventDate "2004.01.30"]
[PlyCount "68"]

1. d4 d5 2. c4 c6 3. Nf3 Nf6 4. Nc3 dxc4 5. a4 Bg4 6. Ne5 Bh5 7. f3 Nfd7 8. Nxc4 e5 9. e4 Bb4 10. Be3 exd4 11. Bxd4 O-O 12. Be2 a5 13. O-O Qe7 14. Kh1 Na6 15. f4 Bxe2 16. Qxe2 Nac5 17. Ne3 Bxc3 18. bxc3 Qxe4 19. Rae1 Ne6 20. Qg4 Qg6 21. Qh3 f5 22. Rb1 Ndc5 23. Nc4 Nxd4 24. cxd4 Ne4 25. Rxb7 Qe6 26. Qb3 Rfe8 27. Kg1 Rad8 28. Nxa5 Rd5 29. Qb4 Nd6 30. Rc7 Qe3+ 31. Kh1 Ne4 32. g3 Nf2+ 33. Kg2 Ng4 34. Qb2 Rxa5 0-1

[Event "GER-ch 75th"]
[Site "Hoeckendorf"]
[Date "2004.02.03"]
[Round "6"]
[White "Mainka, Romuald"]
[Black "Stern, Rene"]
[Result "1-0"]
[WhiteElo "2456"]
[BlackElo "2489"]
[EventDate "2004.01.30"]
[PlyCount "113"]

1. e4 e5 2. Nf3 Nc6 3. Bc4 Bc5 4. c3 Nf6 5. d3 a6 6. Bb3 O-O 7. h3 d5 8. exd5 Nxd5 9. O-O Nf6 10. Re1 Qd6 11. Nbd2 Qxd3 12. Nxe5 Nxe5 13. Rxe5 Ba7 14. Qf3 Qxf3 15. Nxf3 Nd7 16. Re1 Nc5 17. Bc2 Bd7 18. Be3 Bb6 19. Rad1 Rad8 20. b4 Ne6 21. Ne5 Bc8 22. Bxb6 cxb6 23. Nc4 Rxd1 24. Rxd1 Nf4 25. Kf1 b5 26. Nb6 Be6 27. Bb3 g5 28. Rd4 Re8 29. h4 h6 30. hxg5 hxg5 31. Nd7 Rc8 32. Nc5 Bxb3 33. axb3 Ne6 34. Rd5 Kf8 35. Ne4 Ke7 36. g3 f6 37. Ke2 Rd8 38. Rxd8 Kxd8 39. Nxf6 Kc7 40. Kd3 b6 41. f4 gxf4 42. Nd5+ Kd6 43. Nxf4 Nc7 44. Ne2 a5 45. bxa5 bxa5 46. Nd4 Kc5 47. g4 b4 48. c4 Ne8 49. g5 Ng7 50. g6 Kd6 51. Ke4 Kc5 52. Kd3 Kd6 53. Ke4 Kc5 54. Ke5 a4 55. bxa4 Kxc4 56. a5 Kc5 57. Nb3+ 1-0

[Event "GER-ch 75th"]
[Site "Hoeckendorf"]
[Date "2004.02.03"]
[Round "6"]
[White "Muse, Mladen"]
[Black "Kritz, Leonid"]
[Result "0-1"]
[WhiteElo "2452"]
[BlackElo "2534"]
[EventDate "2004.01.30"]
[PlyCount "84"]

1. d4 Nf6 2. Nf3 e6 3. e3 c5 4. Bd3 d5 5. O-O Nc6 6. c3 Be7 7. Nbd2 O-O 8. Qe2 b6 9. Ne5 Nxe5 10. dxe5 Nd7 11. f4 c4 12. Bc2 Nc5 13. Rf3 Nd3 14. Bxd3 cxd3 15. Qxd3 a5 16. a4 Ba6 17. Qc2 f6 18. Rh3 g6 19. Nf3 fxe5 20. Nxe5 Bf6 21. Ng4 Bg7 22. Bd2 Qc7 23. Be1 Qc4 24. Bf2 Ra7 25. Nh6+ Kh8 26. Ng4 Qe4 27. Qxe4 dxe4 28. Bh4 Rd7 29. Nf2 Bb7 30. Rd1 Rxd1+ 31. Nxd1 Rf7 32. Be1 Bc6 33. Nf2 Rb7 34. Rg3 b5 35. axb5 Rxb5 36. Rg5 Rxb2 37. Rc5 Bb7 38. Ng4 a4 39. Ra5 Rb1 40. Kf2 Rxe1 41. Rb5 Rf1+ 42. Kg3 h5 0-1

[Event "GER-ch 75th"]
[Site "Hoeckendorf"]
[Date "2004.02.03"]
[Round "6"]
[White "Ott, Frank"]
[Black "Bastian, Herbert"]
[Result "0-1"]
[WhiteElo "2313"]
[BlackElo "2384"]
[EventDate "2004.01.30"]
[PlyCount "128"]

1. e4 e5 2. Nf3 Nc6 3. Bb5 Nf6 4. O-O Nxe4 5. d4 Nd6 6. Bxc6 dxc6 7. dxe5 Nf5 8. Qxd8+ Kxd8 9. Nc3 h6 10. h3 Bd7 11. b3 Kc8 12. Bb2 Ne7 13. Rad1 Ng6 14. Ne2 c5 15. g4 a5 16. Nd2 h5 17. f3 a4 18. Kg2 Be7 19. Ne4 Bc6 20. e6 hxg4 21. hxg4 axb3 22. axb3 fxe6 23. Bxg7 Rg8 24. Bf6 b6 25. Bxe7 Nxe7 26. N2g3 Kb7 27. Rh1 Nd5 28. Rd2 Raf8 29. g5 Ne3+ 30. Kf2 Nf5 31. Rh5 Nd4 32. Rd3 Nxc2 33. Nf6 Rg7 34. f4 Nb4 35. Re3 Nd5 36. Nxd5 Bxd5 37. Ne2 Ra8 38. Nc1 Ra1 39. Rc3 Rb1 40. Kg3 Rb2 41. Rh2 Rb1 42. Rh6 Kc6 43. Kg4 Rb2 44. Nd3 Rg2+ 45. Kh3 Kb5 46. Ne5 Rg1 47. Kh4 Kb4 48. Rh3 Bxb3 49. g6 Bc2 50. Rg3 Rxg3 51. Kxg3 c4 52. Kg4 Bxg6 53. Nxg6 c3 54. Kg5 c2 55. Rh1 Rd7 56. Rc1 Kc3 57. Kf6 Rd1 58. Rxc2+ Kxc2 59. Kxe6 b5 60. f5 b4 61. f6 Rd6+ 62. Ke7 Rxf6 63. Kxf6 b3 64. Ne5 Kc3 0-1

[Event "GER-ch 75th"]
[Site "Hoeckendorf"]
[Date "2004.02.03"]
[Round "6"]
[White "Pohl, Walter"]
[Black "Riegler, Dieter"]
[Result "1-0"]
[WhiteElo "2217"]
[BlackElo "2182"]
[EventDate "2004.01.30"]
[PlyCount "45"]

1. e4 c5 2. Nf3 d6 3. Bb5+ Nd7 4. d4 Ngf6 5. Nc3 cxd4 6. Qxd4 e5 7. Qd3 h6 8. h3 Be7 9. Be3 O-O 10. g4 Nb6 11. a4 a6 12. a5 axb5 13. Bxb6 Qxb6 14. axb6 Rxa1+ 15. Nd1 Be6 16. b3 d5 17. O-O dxe4 18. Qc3 Rxd1 19. Rxd1 exf3 20. Qc7 Nd5 21. Qxb7 Nc3 22. Qxe7 Nxd1 23. Qxf8+ 1-0

[Event "GER-ch 75th"]
[Site "Hoeckendorf"]
[Date "2004.02.03"]
[Round "6"]
[White "Scherer, Max"]
[Black "Reich, Thomas"]
[Result "1-0"]
[WhiteElo "2285"]
[BlackElo "2408"]
[EventDate "2004.01.30"]
[PlyCount "149"]

1. c4 Nf6 2. g3 g6 3. Bg2 Bg7 4. Nc3 O-O 5. e3 d6 6. Nge2 Nc6 7. O-O Bf5 8. e4 Bg4 9. h3 Bxe2 10. Nxe2 Ne5 11. d3 c5 12. Bg5 Nc6 13. g4 Rb8 14. Nc3 h6 15. Be3 g5 16. f4 Nh7 17. fxg5 hxg5 18. Qd2 Bd4 19. Rf2 Bxe3 20. Qxe3 Ne5 21. Rd1 f6 22. d4 cxd4 23. Qxd4 b6 24. Nd5 Rf7 25. b4 Nf8 26. Rc2 Rc8 27. Rdc1 Rh7 28. Kf2 Ne6 29. Qd2 Kf7 30. Qe3 Qf8 31. Ke1 Qh6 32. Bf1 Rhh8 33. Rf2 Rc6 34. Rc3 Rb8 35. Kd1 Rb7 36. Kc2 Rc8 37. a3 Rbb8 38. Kb2 Nf8 39. Be2 Nfd7 40. Qd4 Qh4 41. Rf1 Nc5 42. Ka2 Ne6 43. Qd2 Rd8 44. Bd1 Rb7 45. Bb3 Kg6 46. Kb2 Qh8 47. Qf2 Ng7 48. Nxe7+ Kh7 49. Qxf6 Qe8 50. Nf5 Nxf5 51. Rxf5 Qe7 52. Qxg5 Qxg5 53. Rxg5 Re7 54. Rf5 a5 55. g5 axb4 56. axb4 Kg7 57. h4 Rh8 58. Rh3 Nc6 59. Rb5 Rb8 60. h5 Re5 61. Rd3 Rf8 62. Rxd6 Rf2+ 63. Bc2 Rxb5 64. h6+ Kh7 65. Rxc6 Rxg5 66. e5+ Kh8 67. Rxb6 Rg8 68. Rb7 Re8 69. c5 Rh2 70. h7 Re2 71. c6 R2xe5 72. c7 Rc8 73. b5 Rc5 74. b6 Rb5+ 75. Kc1 1-0

[Event "GER-ch 75th"]
[Site "Hoeckendorf"]
[Date "2004.02.03"]
[Round "6"]
[White "Thinius, Marco"]
[Black "Tischbierek, Raj"]
[Result "0-1"]
[WhiteElo "2387"]
[BlackElo "2507"]
[EventDate "2004.01.30"]
[PlyCount "97"]

1. e4 c5 2. Nf3 d6 3. d4 cxd4 4. Nxd4 Nf6 5. Nc3 Nc6 6. Be3 e5 7. Nf3 Be7 8. Bc4 O-O 9. O-O Be6 10. Bb3 Na5 11. Qe2 h6 12. Rfd1 Nxb3 13. axb3 Qb8 14. h3 Rd8 15. Nd5 Bxd5 16. exd5 b5 17. Ra6 Qb7 18. Rda1 Nxd5 19. Rxa7 Rxa7 20. Rxa7 Qc6 21. c4 Nxe3 22. Qxe3 Bf6 23. Nd2 d5 24. cxd5 Qc1+ 25. Kh2 Bg5 26. Qf3 Bf4+ 27. g3 Qxd2 28. gxf4 Qxf4+ 29. Qxf4 exf4 30. Kg2 Rxd5 31. Ra8+ Kh7 32. Rb8 g5 33. Rb6 Kg7 34. b4 f6 35. Kf3 Rd3+ 36. Kg2 Rd5 37. Kf3 Kg6 38. Ke4 Rd2 39. Kf3 Rd3+ 40. Kg2 Rd5 41. Kf3 h5 42. Ke4 Rd2 43. Kf3 Rd3+ 44. Ke4 Rxh3 45. Rxb5 Rb3 46. Rb8 Rxb2 47. Kf3 g4+ 48. Kxf4 Rxf2+ 49. Kg3 0-1

[Event "GER-ch 75th"]
[Site "Hoeckendorf"]
[Date "2004.02.03"]
[Round "6"]
[White "Voigt, Roland"]
[Black "Heck, Norbert"]
[Result "0-1"]
[WhiteElo "2381"]
[BlackElo "2308"]
[EventDate "2004.01.30"]
[PlyCount "88"]

1. Nf3 Nf6 2. c4 g6 3. b3 Bg7 4. Bb2 c5 5. e3 Nc6 6. a3 O-O 7. Be2 Re8 8. Qc2 e5 9. d3 b6 10. O-O Bb7 11. Nbd2 d5 12. cxd5 Nxd5 13. Rac1 Rc8 14. Qb1 f5 15. h3 h6 16. Rfd1 Kh7 17. Bf1 Nc7 18. Qa1 Qe7 19. Nc4 Rcd8 20. Qb1 Ba6 21. Ba1 Bb7 22. Ne1 Ne6 23. Bc3 b5 24. Na5 Nxa5 25. Bxa5 Rc8 26. Bc3 a6 27. Be2 Ng5 28. h4 Ne6 29. h5 g5 30. g4 Nd4 31. Rd2 Nxe2+ 32. Rxe2 fxg4 33. e4 Qf7 34. Ng2 Qxh5 35. Re3 Rf8 36. Rg3 Rf3 37. Qb2 Rcf8 38. Rc2 Rxg3 39. fxg3 Rf3 40. Bxe5 Qf7 41. Rc1 Rxd3 42. Qe2 Qf3 43. Qb2 Bxe4 44. Bxg7 Rxb3 0-1

[Event "GER-ch 75th"]
[Site "Hoeckendorf"]
[Date "2004.02.05"]
[Round "7"]
[White "Bastian, Herbert"]
[Black "Stern, Rene"]
[Result "1/2-1/2"]
[WhiteElo "2384"]
[BlackElo "2489"]
[EventDate "2004.01.30"]
[PlyCount "134"]

1. e4 e5 2. Nf3 Nc6 3. Bc4 Bc5 4. c3 Nf6 5. d3 a6 6. O-O O-O 7. d4 Ba7 8. dxe5 Nxe4 9. Bd5 Nc5 10. Bg5 Qe8 11. Re1 Ne7 12. Bc4 b5 13. Bf1 Bb7 14. Nbd2 Ne6 15. Be3 Bxe3 16. Rxe3 Rd8 17. Qc2 d5 18. exd6 Rxd6 19. Ne4 Bxe4 20. Qxe4 Qa8 21. Qc2 Rfd8 22. Rae1 Nd5 23. Re5 h6 24. Bd3 Nf6 25. Be4 Nxe4 26. Qxe4 Qxe4 27. R5xe4 c5 28. a4 Kf8 29. Kf1 Rd1 30. Ke2 Rxe1+ 31. Nxe1 Ke7 32. axb5 axb5 33. Nd3 f5 34. Re3 Kf6 35. g3 g5 36. f3 Rd6 37. Ne1 c4 38. Nc2 f4 39. Re4 Nc5 40. Re8 Nd3 41. Nd4 fxg3 42. hxg3 b4 43. Rh8 Kg6 44. Rxh6+ Kxh6 45. Nf5+ Kg6 46. Nxd6 Nxb2 47. cxb4 Kf6 48. Kd2 Ke5 49. Nf7+ Kd4 50. Nxg5 c3+ 51. Kc2 Nd3 52. Ne6+ Kc4 53. b5 Nb4+ 54. Kd1 Kxb5 55. Nd4+ Kc4 56. Nc2 Nc6 57. Ke2 Kb3 58. Ne1 c2 59. Kd2 Nd4 60. Nxc2 Nxf3+ 61. Ke3 Nh2 62. Nd4+ Kc4 63. Ke4 Kc5 64. Nf3 Ng4 65. Kf4 Nf2 66. Ne5 Kd6 67. Nc4+ Ke6 1/2-1/2

[Event "GER-ch 75th"]
[Site "Hoeckendorf"]
[Date "2004.02.05"]
[Round "7"]
[White "Bauer, Eckart"]
[Black "Latzke, Boris Alexander"]
[Result "0-1"]
[WhiteElo "2276"]
[BlackElo "2246"]
[EventDate "2004.01.30"]
[PlyCount "64"]

1. e4 e5 2. Nc3 Nf6 3. f4 d5 4. fxe5 Nxe4 5. Nf3 Be7 6. Bd3 Nc5 7. Bb5+ c6 8. d4 Ne6 9. Bd3 c5 10. dxc5 Nc6 11. O-O Bxc5+ 12. Kh1 Be7 13. a3 a6 14. Bf5 Nc7 15. Bxc8 Rxc8 16. Be3 O-O 17. Bb6 Re8 18. Bxc7 Rxc7 19. Qxd5 Rd7 20. Qc4 Bf8 21. Rae1 Re6 22. Qf4 h6 23. h4 Bc5 24. Rd1 Bb6 25. Rxd7 Qxd7 26. Rd1 Qe8 27. Nd5 Bd8 28. Ne3 Bc7 29. Nc4 Qe7 30. Rd5 f6 31. Rd6 Bxd6 32. exd6 Qd7 0-1

[Event "GER-ch 75th"]
[Site "Hoeckendorf"]
[Date "2004.02.05"]
[Round "7"]
[White "Braun, Arik"]
[Black "Meister, Jakob [RUS]"]
[Result "1-0"]
[WhiteElo "2429"]
[BlackElo "2488"]
[EventDate "2004.01.30"]
[PlyCount "149"]

1. d4 c5 2. d5 e5 3. e4 d6 4. c4 Be7 5. Nc3 Bg5 6. Qa4+ Bd7 7. Bxg5 Qxg5 8. Qb3 b6 9. g3 Qd8 10. Bg2 Nf6 11. Nge2 h5 12. h4 Na6 13. Nb5 Bc8 14. O-O Nc7 15. a4 a6 16. Nxc7+ Qxc7 17. a5 Rb8 18. Qc3 O-O 19. axb6 Rxb6 20. Rfb1 Bg4 21. Nc1 Rfb8 22. f3 Bc8 23. Ra3 Rb4 24. Nd3 Qb6 25. Rba1 Rb3 26. Qc1 Rxa3 27. Rxa3 a5 28. Bf1 Qc7 29. Be2 Bd7 30. Bd1 Ra8 31. Kg2 Qd8 32. Ba4 Bxa4 33. Rxa4 Nd7 34. Qc3 Ra7 35. Ne1 g6 36. Nc2 f5 37. exf5 gxf5 38. Ne3 f4 39. Nf5 Qf6 40. g4 hxg4 41. fxg4 e4 42. Qxf6 Nxf6 43. Nxd6 Ra6 44. Nxe4 Nxe4 45. Kf3 Nd2+ 46. Kxf4 Rf6+ 47. Ke5 Kf7 48. d6 Rf3 49. h5 Rh3 50. Kd5 Nb3 51. Ra3 Rd3+ 52. Kc6 Ke6 53. Kb5 Nd4+ 54. Kxc5 Nb3+ 55. Kb5 Nd4+ 56. Kb6 Rd2 57. Kc7 Kf6 58. Rxa5 Rxb2 59. d7 Ne6+ 60. Kc8 Rc2 61. d8=Q+ Nxd8 62. Kxd8 Rxc4 63. g5+ Kg7 64. Ra7+ Kg8 65. Ke7 Rc6 66. Rd7 Kg7 67. h6+ Kh7 68. Rd6 Rc1 69. Kf7 Rf1+ 70. Rf6 Rg1 71. g6+ Kxh6 72. Rf2 Ra1 73. Rh2+ Kg5 74. Rg2+ Kh6 75. g7 1-0

[Event "GER-ch 75th"]
[Site "Hoeckendorf"]
[Date "2004.02.05"]
[Round "7"]
[White "Budde, Vladimir"]
[Black "Stanke, Juergen"]
[Result "0-1"]
[WhiteElo "2309"]
[BlackElo "2313"]
[EventDate "2004.01.30"]
[PlyCount "120"]

1. d4 Nf6 2. c4 e6 3. Nc3 d5 4. cxd5 exd5 5. Bg5 Be7 6. Qc2 O-O 7. e3 Nbd7 8. Bd3 Re8 9. Nge2 Nf8 10. O-O-O c6 11. Nf4 a5 12. Kb1 Ne4 13. Bxe7 Nxc3+ 14. Qxc3 Qxe7 15. Qc2 Bd7 16. h4 a4 17. h5 a3 18. b3 Rac8 19. Rc1 Qf6 20. g3 b6 21. Qd2 Qd6 22. Rc2 Ne6 23. h6 g6 24. Qc1 Qb4 25. Ba6 Nxf4 26. gxf4 Bf5 27. Bxc8 Rxc8 28. Ka1 Bxc2 29. Qxc2 Qf8 30. f5 c5 31. Qc3 cxd4 32. Qxd4 Qxh6 33. Rd1 Qg5 34. fxg6 hxg6 35. Rh1 Qh5 36. Rb1 Rc6 37. Rg1 Qh2 38. Rb1 Qh5 39. Rd1 Qf3 40. b4 Rc4 41. Qd2 Qf6+ 42. Kb1 Qf5+ 43. Ka1 Qe5+ 44. Kb1 Qe4+ 45. Qd3 Rxb4+ 46. Kc1 Rc4+ 47. Kd2 Qxd3+ 48. Kxd3 b5 49. f3 f5 50. Rh1 Kg7 51. f4 b4 52. Kd2 Kf6 53. Rh8 d4 54. Kd3 Rc1 55. Rb8 Rb1 56. Rb6+ Ke7 57. Ra6 dxe3 58. Kxe3 Rb2 59. Ra4 Rxa2 60. Rxb4 Ra1 0-1

[Event "GER-ch 75th"]
[Site "Hoeckendorf"]
[Date "2004.02.05"]
[Round "7"]
[White "Giessmann, Stephan"]
[Black "Thinius, Marco"]
[Result "1/2-1/2"]
[WhiteElo "2287"]
[BlackElo "2387"]
[EventDate "2004.01.30"]
[PlyCount "113"]

1. d4 Nf6 2. c4 e6 3. Nc3 Bb4 4. e3 b6 5. Nf3 Ne4 6. Qc2 Bb7 7. Bd3 f5 8. Bd2 Nxd2 9. Qxd2 O-O 10. a3 Bxc3 11. Qxc3 d6 12. c5 Nc6 13. Bb5 Ne7 14. c6 Bc8 15. Qd3 a6 16. Ba4 b5 17. Bb3 Nxc6 18. d5 Na5 19. Ba2 e5 20. Qc3 Nb7 21. Rc1 Rf7 22. O-O e4 23. Nd4 Nc5 24. Ne6 Nxe6 25. dxe6 Re7 26. Rfd1 Kf8 27. Kf1 Bxe6 28. Bxe6 Rxe6 29. Qxc7 Qxc7 30. Rxc7 h6 31. Rd5 Rf6 32. Ke2 h5 33. h3 g6 34. Rd7 Rc8 35. R7xd6 Rxd6 36. Rxd6 Rc2+ 37. Rd2 Rc6 38. Kd1 Ke7 39. Ke2 Ke6 40. g3 Rc1 41. Rd8 Rc2+ 42. Rd2 Rc1 43. Rd1 Rc8 44. Rd4 a5 45. Kd2 a4 46. Rb4 Rd8+ 47. Kc2 Rd5 48. b3 axb3+ 49. Rxb3 Kd6 50. Rc3 Kd7 51. Kb3 Rd1 52. Kb4 Rb1+ 53. Rb3 Rxb3+ 54. Kxb3 Kc6 55. Kc3 Kc5 56. Kb3 Kb6 57. Kb4 1/2-1/2

[Event "GER-ch 75th"]
[Site "Hoeckendorf"]
[Date "2004.02.05"]
[Round "7"]
[White "Heinemann, Thies"]
[Black "Graf, Alexander"]
[Result "0-1"]
[WhiteElo "2426"]
[BlackElo "2629"]
[EventDate "2004.01.30"]
[PlyCount "62"]

1. e4 c5 2. Nf3 e6 3. b3 b6 4. c4 Bb7 5. Nc3 Nf6 6. e5 Ng4 7. h3 Nh6 8. Bd3 f5 9. exf6 Qxf6 10. Rb1 Bxf3 11. Qxf3 Qxf3 12. gxf3 Nc6 13. Bb2 Be7 14. Rg1 Bf6 15. Be4 O-O 16. Ne2 Rad8 17. Bxf6 Rxf6 18. Rg5 Nf7 19. Rg3 d5 20. Bc2 Nb4 21. Bd1 Nd3+ 22. Kf1 dxc4 23. Nc3 Nfe5 24. Ne4 Rff8 25. bxc4 Rd4 26. Rb3 Nxc4 27. Bc2 Nf4 28. d3 Ne5 29. Ra3 Rf7 30. Nc3 Nexd3 31. Kg1 Nc1 0-1

[Event "GER-ch 75th"]
[Site "Hoeckendorf"]
[Date "2004.02.05"]
[Round "7"]
[White "Kalinitschew, Sergey"]
[Black "Gustafsson, Jan"]
[Result "1/2-1/2"]
[WhiteElo "2519"]
[BlackElo "2572"]
[EventDate "2004.01.30"]
[PlyCount "29"]

1. d4 d5 2. c4 c6 3. Nc3 Nf6 4. cxd5 cxd5 5. Bf4 Nc6 6. e3 a6 7. Bd3 Bg4 8. Nge2 e6 9. Rc1 Be7 10. Bg3 Bh5 11. Qb3 Na5 12. Qa4+ Nc6 13. Qb3 Na5 14. Qa4+ Nc6 15. Qb3 1/2-1/2

[Event "GER-ch 75th"]
[Site "Hoeckendorf"]
[Date "2004.02.05"]
[Round "7"]
[White "Kritz, Leonid"]
[Black "Rabiega, Robert"]
[Result "0-1"]
[WhiteElo "2534"]
[BlackElo "2527"]
[EventDate "2004.01.30"]
[PlyCount "132"]

1. e4 e5 2. Nf3 Nc6 3. Bb5 a6 4. Ba4 Nf6 5. O-O Be7 6. Bxc6 dxc6 7. d3 Nd7 8. Nbd2 O-O 9. Nc4 f6 10. d4 exd4 11. Nxd4 Ne5 12. Ne3 Re8 13. c3 Bc5 14. Kh1 Qe7 15. Nef5 Qf7 16. Ng3 Bd7 17. b3 Rad8 18. f4 Ng6 19. Qh5 Bxd4 20. cxd4 f5 21. Nxf5 Bxf5 22. exf5 Ne7 23. Qxf7+ Kxf7 24. g4 h5 25. h3 Rxd4 26. Kg2 Nd5 27. Rf2 Rd3 28. g5 Ne3+ 29. Bxe3 Rexe3 30. h4 Rd5 31. Rf3 Re7 32. Kf2 Rxf5 33. Re1 Rxe1 34. Kxe1 g6 35. Kf2 Rd5 36. Kg3 a5 37. Re3 b6 38. Kf3 c5 39. Ke4 Ke6 40. Kf3+ Kf7 41. Ke4 c6 42. Kf3 Rd4 43. Rc3 Rd2 44. a3 Rd4 45. Re3 a4 46. bxa4 Rxa4 47. Rb3 b5 48. Rc3 Ke6 49. f5+ gxf5 50. Rxc5 Rxa3+ 51. Kf2 Ra6 52. Ke3 b4 53. Kd4 b3 54. Kc3 Rb6 55. Kb2 f4 56. g6 Kf6 57. Rxh5 Kxg6 58. Rg5+ Kf6 59. Rc5 Rb5 60. Rxc6+ Kf5 61. h5 Kg5 62. h6 Rb7 63. Rd6 Rf7 64. Kxb3 f3 65. Rd1 f2 66. Rf1 Kxh6 0-1